000 01590nam0a2200361 4500
001 RU\NLR\BIBL_A\012714568
005 20260412042427.0
035 _a(NLR Aleph) 012714568
090 _a12920827
_c12920827
100 _a20220224d1957 |||y0rusy50 ca
101 0 _abel
102 _aRU
105 _aa a 000zb
181 0 _ai
_baxxe
182 0 _an
200 1 _aЯнка Брыль
_eбiблiяграфiчная памятка чытача
_fДзяржаўная бiблiятэка БССР iмя В.I. Ленiна
_gсклала: Н. Ватацы
_gрэдактар: д.фiлал.н. В. Барысенка
203 _aТекст
_bвизуальный
_cнепосредственный
210 _aМiнск
_cДзяржаўнае выдавецтва БССР
_d1957
215 _a32, [3] с.
_cил.
_d18
225 1 _aСерыя - Пiсьменнiкi БССР
600 1 _aБрыль
_bЯ.
_f1917 - 2006
_gЯнка
_jБиблиография
_92546790
_3RU\NLR\AUTH\661507331
686 1 _aШ5(2=Бел)7-4Брыль
702 1 _aВатацы
_bН.
_4220
702 1 _aБарысенка
_bВ. В.
_f1904-1984
_gВасiль Васiльевiч
_4340
702 1 _4570
_8rus
_7ca
_aБрыль
_bЯ.
_f1917-2006
_gЯнка
_3RU\NLR\AUTH\7715877
_9125524
712 0 2 _4570
_8bel
_aДзяржаўная бiблiятэка БССР iм. У. I. Ленiна
_cМiнск
_7ca
_3RU\NLR\AUTH\889950022
_9395803
852 _aNLR
_j641/Б-89
942 _cBOOK
980 _aNB